| 000 -LEADER | |
|---|---|
| fixed length control field | 00437nam a22001697a 4500 |
| 005 - DATE AND TIME OF LATEST TRANSACTION | |
| control field | 20250911122245.0 |
| 008 - FIXED-LENGTH DATA ELEMENTS--GENERAL INFORMATION | |
| fixed length control field | 250910b |||||||| |||| 00| 0 eng d |
| 020 ## - INTERNATIONAL STANDARD BOOK NUMBER | |
| ISBN | 978-81-239-0013-1 |
| 041 ## - LANGUAGE CODE | |
| Language code of text/sound track or separate title | eng |
| 082 ## - DEWEY DECIMAL CLASSIFICATION NUMBER | |
| Classification number | 550 MAH-G |
| 100 ## - MAIN ENTRY--AUTHOR NAME | |
| Personal name | MAHAPATRA, G.B. |
| 245 ## - TITLE STATEMENT | |
| Title | A TEXTBOOK OF GEOLOGY [ RE.ED.2024] |
| 260 ## - PUBLICATION, DISTRIBUTION, ETC. (IMPRINT) | |
| Place of publication | NEW DELHI |
| Name of publisher | C.B.S PUBLISHERS & DISTRIBUTOERS PVT.LTD |
| 300 ## - PHYSICAL DESCRIPTION | |
| Number of Pages | 366;P |
| 650 ## - SUBJECT ADDED ENTRY--TOPICAL TERM | |
| Topical Term | MINING |
| 942 ## - ADDED ENTRY ELEMENTS (KOHA) | |
| Koha item type | Books |
| Lost status | Damaged status | Collection code | Home library | Current library | Shelving location | Date acquired | Source of acquisition | Cost, normal purchase price | Full call number | Accession Number | Koha item type |
|---|---|---|---|---|---|---|---|---|---|---|---|
| MINING | JRU Library | JRU Library | Reference Section | 10/09/2025 | PURCHASE | 525.00 | 550 | 28864 | Books | ||
| MINING | JRU Library | JRU Library | SHELF-88-C | 10/09/2025 | PURCHASE | 525.00 | 550 | 28865 | Books |